00706cam a2200229 a 4500001000700000003000600007005001700013008004100030020001500071035002300086040001800109082001600127100003600143245004900179250001200228260006900240300002100309504005100330630004300381630002100424630003100445117665GBCCL20241126110352.0751201s1975 miu b 001 0 eng d a0944355242 a(OCoLC)ocm01865882 aSPIcSPIdLBB a220.52bWHI1 aFuller, David Otis,d1903-eed.10aWhich Bible? /cedited by David Otis Fuller. a5th ed. aGrand Rapids :bGrand Rapids International Publications,cc1975. a350 p. ;c21 cm. aIncludes bibliographical references and index.00aBible.lEnglishxVersionsxAuthorized.00aBiblexVersions.00aBiblexCriticism, Textual.